Citrus, strategy and class : the politics of development in southern Belize
Saved in:
| Main Author: | |
|---|---|
| Format: | Book |
| Language: | English |
| Published: |
Iowa :
University of Iowa Press,
1992
|
| Subjects: | |
| Tags: |
Add Tag
No Tags, Be the first to tag this record!
|
MARC
| LEADER | 00000nam a2200000 i 4500 | ||
|---|---|---|---|
| 001 | 1/5844 | ||
| 008 | 960617s1992 eng d | ||
| 020 | |a 0-87745-367-5 | ||
| 035 | |l 10016148 | ||
| 040 | |a GR-MY-UA |b gre |e aacr | ||
| 041 | 0 | |a eng | |
| 082 | 0 | |a 307.720972823 | |
| 100 | 1 | |a Moberg, Mark |d 1959- | |
| 245 | 1 | 0 | |a Citrus, strategy and class : |b the politics of development in southern Belize / |c Mark Moberg |
| 260 | |a Iowa : |b University of Iowa Press, |c 1992 | ||
| 300 | |a 208 p. |b tables | ||
| 504 | |a Includes bibliographical references and index | ||
| 650 | 0 | 0 | |a Citrus fruit industry |z Belize |z Stann Creek. |
| 651 | 0 | |a Stann Creek (Belize) |x Rural conditions. | |
| 852 | |a INST |b LESVOS |e 19960617 |h 307.720972823 MOB |p 005100009982 |q 005100009982 |t BK |y 0 | ||
| 909 | |a Λ |b 043829 | ||